| 000 | 01228cad a22002415a 4500 | ||
|---|---|---|---|
| 001 | L154316 | ||
| 008 | 111114s2011 xxk f 000 0 eng d | ||
| 035 | _a(Sirsi) u154316 | ||
| 041 | 0 | _aeng | |
| 100 | 1 | _aThweatt, W. Tom | |
| 245 | 0 | 0 |
_aConstruction claims in South America _h[electronic resource] |
| 260 |
_aLittleton, CO _bLong International, Inc _c2011 |
||
| 505 | 2 | _aSouth America contracting overview -- Common contract types in South America -- Typical dispute resolution approaches -- South American business cultures | |
| 520 | _aLooks at the features of contracts for major projects in South America which are lump sum turn key (LSTK) contracts or "lump sum contracts" and approaches to dispute resolution. | ||
| 590 | _aKA NTK | ||
| 651 | 4 | _aSouth America | |
| 690 | _aBUILT ENVIRONMENT-BUILDING CONTRACT FORMS | ||
| 690 | _aMANAGEMENT-DISPUTE AVOIDANCE, MANAGEMENT AND RESOLUTION-DISPUTE MANAGEMENT AND RESOLUTION-ARBITRATION | ||
| 690 | _aBUILT ENVIRONMENT-CONSTRUCTION MANAGEMENT-BUILDING CONTRACT ADMINISTRATION | ||
| 710 | 1 | _aLong International | |
| 856 | 4 | 0 |
_uhttps://www.long-intl.com/articles/South%20America%20Contracting.pdf _zView this item free of charge at www.long-intl.com |
| 942 | _n0 | ||
| 999 |
_c112931 _d112931 |
||